Fortnite Weapons - Statistics

General Stats
  • This quiz has been taken 594 times
  • The average score is 37 of 197
Answer Stats
Picture Answer % Correct
Minigun
87%
Drum Gun
83%
Assault Rifle
79%
Midas' Drum Gun
74%
Burst Assault Rifle
68%
Light Machine Gun
62%
Scoped Assault Rifle
58%
Suppressed Assault Rifle
54%
Heavy Assault Rifle
52%
Infantry Rifle
49%
Pump Shotgun
47%
Tactical Assault Rifle
45%
Jules' Drum Gun
44%
Shadow Midas' Drum Gun
43%
Thermal Scoped Assault Rifle
43%
Tactical Shotgun
41%
Heavy Shotgun
40%
Double Barrel Shotgun
37%
Submachine Gun
36%
Submachine Gun
36%
Submachine Gun
36%
Charge Shotgun
35%
Combat Shotgun
35%
Grenade
34%
Rocket Launcher
31%
Lever Action Shotgun
30%
Primal Shotgun
30%
Suppressed Submachine Gun
30%
Combat Assault Rifle
29%
Dynamite
29%
Heavy Sniper Rifle
29%
Pistol
29%
Tactical Submachine Gun
29%
Grenade Launcher
28%
Pulse Rifle
28%
Suppressed Pistol
28%
Bolt-Action Sniper Rifle
27%
Hammer Assault Rifle
27%
Hand Cannon
27%
Hunting Rifle
27%
Pumpkin Launcher
27%
Revolver
27%
Clinger
26%
Quad Launcher
26%
Dual Pistols
25%
Makeshift Shotgun
25%
Snowball Launcher
25%
Burst Submachine Gun
24%
Dragon's Breath Shotgun
24%
Flapjack Rifle
24%
Suppressed Sniper Rifle
24%
The Dub
24%
Thunder Shotgun
23%
Auto Shotgun
22%
Frenzy Auto Shotgun
22%
Makeshift Rifle
22%
Primal Rifle
22%
Ranger Shotgun
22%
Semi-Auto Sniper Rifle
22%
Sideways Minigun
22%
Six Shooter
22%
Crossbow
21%
Flint-Knock Pistol
21%
Havoc Pump Shotgun
21%
Maven Auto Shotgun
21%
Prime Shotgun
21%
Red-Eye Assault Rifle
21%
Scoped Revolver
21%
Sideways Rifle
21%
Twin Mag Assault Rifle
21%
Egg Launcher
20%
Primal Submachine Gun
20%
Striker Assault Rifle
20%
Striker Pump Shotgun
20%
DMR
19%
Hammer Pump Shotgun
19%
Infinity Blade
19%
Rapid Fire Submachine Gun
19%
Sharp Tooth Shotgun
19%
Boom Bow
18%
Mammoth Pistol
18%
Primal Pistol
18%
Ranger Assault Rifle
18%
Remote Explosive
18%
Storm Scout
18%
Twin Mag Submachine Gun
18%
Charge Submachine Gun
17%
Combat Submachine Gun
17%
Dual Suppressed Pistols
17%
Firefly Jar
17%
Lock On Pistol
17%
Guided Missile Launcher
16%
Nemesis Assault Rifle
16%
Shockwave Launcher
16%
Two-Shot Shotgun
16%
Cluster Clinger
15%
Enforcer Assault Rifle
15%
Proximity Grenade Launcher
15%
Tactical Pistol
15%
Wood Stake Shotgun
15%
Burst Pulse Rifle
14%
Combat Pistol
14%
Dragon's Breath Sniper
14%
Flashlight Pistol
14%
Lever Action Rifle
14%
Primal Bow
14%
Proximity Mine
14%
Cupid's Crossbow
13%
EvoChrome Shotgun
13%
Makeshift Submachine Gun
13%
MK-Alpha Assault Rifle
13%
Reaper Sniper Rifle
13%
Stinger Submachine Gun
13%
Thunder Burst Submachine Gun
13%
Ballistic Shield
12%
E-11 Blaster Rifle
12%
Grapple Blade
12%
Heisted Breacher Shotgun
12%
Kinetic Blade
12%
Makeshift Bow
12%
Makeshift Revolver
12%
Sticky Grenade Launcher
12%
Automatic Sniper Rifle
11%
Bottle Rockets
11%
Compact Submachine Gun
11%
Cuddle Fish
11%
Havoc Suppressed Assault Rifle
11%
Heisted Accelerant Shotgun
11%
Hop Rock Dualies
11%
Hyper Submachine Gun
11%
Infiltrator Pump Shotgun
11%
Night Hawk
11%
Ranger Pistol
11%
Recycler
11%
Scoped Burst Submachine
11%
Thermal DMR
11%
Zapotron
11%
Boom Sniper Rifle
10%
MK-Seven Assault Rifle
10%
ODM Gear
10%
Shadow Tracker
10%
Burst Quad Launcher
9%
Cobra DMR
9%
Ex-Caliber Rifle
9%
Kingsman
9%
Primal Stink Bow
9%
Shield Breaker EMP
9%
Sideways Scythe
9%
Stark Industries Energy Rifle
9%
Storm Scout Sniper Rifle
9%
Donatello's Staff
8%
EvoChrome Burst Rifle
8%
Explosive Repeater Rifle
8%
First Order Blaster Rifle
8%
Tactical DMR
8%
Dual Fiend Hunters
7%
Explosive Goo Gun
7%
Heisted Blink Mag Submachine Gun
7%
Heisted Explosive Assault Rifle
7%
Heisted Run N' Gun Submachine Gun
7%
Kymera Ray Gun
7%
Mechanical Bow
7%
Primal Flame Bow
7%
Sidearm Pistol
7%
Striker Burst Rifle
7%
Amban Sniper Rifle
6%
Leonardo's Katanas
6%
Machine Submachine Gun
6%
Marksman Six Shooter
6%
Orange Paint Launcher
6%
Purple Paint Launcher
6%
Thunder Spears
6%
Bender's Shiny Metal Raygun
5%
Cybertron Cannon
5%
DC-15 Blaster Rifle
5%
Fiend Hunter Crossbow
5%
Grappler Bow
5%
Hunter Bolt-Action Sniper Rifle
5%
Mechanical Explosive Bow
5%
Plasma Cannon
5%
Plunger Bow
5%
Raphael's Sai
5%
TNTina’s Ka-Boom Bow
5%
Unstable Bow
5%
EMP Stealth Camo
4%
Thorne's Vampiric Blade
4%
Chitauri Laser Rifle
3%
Hawkeye's Bow
3%
Paper Bomb Kunai
3%
Chitauri Energy Launcher
2%
Michelangelo's Nunchaku
2%
Alien Knockgun Launcher
1%
Anvil Rocker Launcher
1%
Deadpool's Duel Hand Cannons
1%
Mechanical Shockwaves Bow
1%
Splinter Bow
1%
Sunburst Gauntlets
1%
No matching quizzes found
Score Distribution
Percent of People with Each Score
Percentile by Number Answered
Your Score History
You have not taken this quiz